Cuando acecha la maldad = When Evil Lurks /

Un par de hermanos en una aldea rural en Argentina intentan deshacerse de un chico poseído por un ente demoníaco, pero cuando éste desaparece la maldad y el caos empieza a esparcirse en la localidad.

Shranjeno v:
Bibliografske podrobnosti
Glavni avtor: Rugna, Demián (realización)
Drugi avtorji: Rugna, Demián (guión) (guión), Suárez, Mariano (fotógrafo) (fotógrafo), Veloz, Pheonia (vestuario) (vestuario), Cornistein, Lionel (montaje) (montaje), Fuu, Pablo (música) (música), Rodríguez, Ezequiel (actuación) (actuación), Salomón, Demián (actuación) (actuación), Sabater, Silvina (actuación) (actuación)
Format: Slide
Jezik:španščina
Izdano: Argentina : Machafo Films, 2023, c2023
Teme:
Oznake: Označite
Brez oznak, prvi označite!

MARC

LEADER 00000ngm^a2200000^a^4500
001 000616958
005 20250627000000.0
009 20260310133731.748
037 |a Acervo ITESO - Biblioteca 
041 |a ESP 
082 |a Ar 860.  |b RUG 
100 |a Rugna, Demián  |e (realización) 
245 1 0 |a Cuando acecha la maldad =  |b When Evil Lurks /  |c Realización de D. Rugna. 
264 4 |a Argentina :  |b Machafo Films,  |c 2023, c2023 
264 2 |a Chatsworth, EUA :  |b RLJE Films [distribución],  |c 2024, c2024 
300 |a 1 blu-ray región A (100 min.) :  |b color 
336 |a imagen móvil bidimensional  |b tdi  |2 rdacontenido 
337 |a video  |b v  |2 rdamedio 
338 |a videodisco  |b vd  |2 rdasoporte 
520 |a Un par de hermanos en una aldea rural en Argentina intentan deshacerse de un chico poseído por un ente demoníaco, pero cuando éste desaparece la maldad y el caos empieza a esparcirse en la localidad. 
546 |a En español, con subtítulos opcionales: inglés 
649 |a XX 
650 |a Hermanos en el Cine 
650 |a Diablo en el Cine 
650 |a Películas de Suspenso y Terror 
650 |a Cine Argentino -  |y 2020-2029 
650 |a Cine Argentino -  |y Siglo XXI 
650 |a Superstición 
650 |a Posesión Demoníaca 
650 |a Bien y Mal 
700 |a Rugna, Demián  |e (guión) 
700 |a Suárez, Mariano  |e (fotógrafo) 
700 |a Veloz, Pheonia  |e (vestuario) 
700 |a Cornistein, Lionel  |e (montaje) 
700 |a Fuu, Pablo  |e (música) 
700 |a Rodríguez, Ezequiel  |e (actuación) 
700 |a Salomón, Demián  |e (actuación) 
700 |a Sabater, Silvina  |e (actuación) 
910 |a Fondo General 
920 |a Audiovisuales - Blu-rays 
940 |a Películas 
905 |a 303 
901 |a 616958-10  |b IT2  |c BRS  |i C190033  |u 20250627 
902 |a https://opac.biblio.iteso.mx/vufind/Record/000616958